Dalit Women In Politics/ (Record no. 206304)

MARC details
000 -LEADER
fixed length control field 00621nam a22001937a 4500
005 - DATE AND TIME OF LATEST TRANSACTION
control field 20241011161850.0
010 ## - LCCN (DPL NO)
LC control number ENG-142103
020 ## - INTERNATIONAL STANDARD BOOK NUMBER
Terms of availability 255.00
International Standard Book Number 9789386537713
035 ## - SYSTEM CONTROL NUMBER
System control number EN-125635
037 ## - SOURCE OF ACQUISITION
Source of stock number/acquisition DBAD/PUB
082 ## - DEWEY DECIMAL CLASSIFICATION NUMBER
Classification number 305.4
100 ## - MAIN ENTRY--PERSONAL NAME
Personal name Vasanthi , R
245 ## - TITLE STATEMENT
Title Dalit Women In Politics/
Statement of responsibility, etc R . Vasanthi
250 ## - EDITION STATEMENT
Edition statement First
260 ## - PUBLICATION, DISTRIBUTION, ETC. (IMPRINT)
Place of publication, distribution, etc Madurai
Name of publisher, distributor, etc Shanlax Publications
Date of publication, distribution, etc 2017
270 ## - ADDRESS
Address 61,66 T.P.K. Main road Vasantha Nagar Madurai
City Madurai
Postal code 625003
Telephone number 0452-4208765
-- 7639303383
Electronic mail address publisher@shanlaxpublications.com
300 ## - PHYSICAL DESCRIPTION
Extent 214 p.
Dimensions 21cm(pb)
942 ## - ADDED ENTRY ELEMENTS (KOHA)
Source of classification or shelving scheme Dewey Decimal Classification
Item type English Books
Classification part 305.4
Call number suffix VAS
Holdings
Withdrawn status Lost status Not for loan Collection code Home library Current library Date acquired Source of acquisition Cost, normal purchase price Full call number Barcode Copy number Cost, replacement price Koha item type
      Non-fiction Bawana Bawana 11/10/2024 DBAD 225.00 305.4 VAS EN-125635 1 225.00 English Books

© Delhi Public Library
Hit Counter
free hit counter